PDC Order Of Merit Top 100 - Statistics

General Stats
  • This quiz has been taken 299 times
    187 since last reset
  • The average score is 52 of 100
Answer Stats
Hint Answer % Correct
6 Wales Gerwyn Price
98%
1 England Luke Humphries
98%
2 England Michael Smith
97%
3 Netherlands Michael Van Gerwen
97%
12 Scotland Peter Wright
97%
23 England Luke Littler
96%
10 England Ross Smith
96%
9 Australia Damon Heta
95%
8 Wales Jonny Clayton
95%
22 Scotland Gary Anderson
94%
5 England Nathan Aspinall
92%
4 England Rob Cross
92%
17 Northern Ireland Josh Rock
91%
11 Belgium Dimitri Van Den Bergh
90%
24 Germany Martin Schindler
89%
16 Netherlands Danny Noppert
87%
15 England Stephen Bunting
86%
25 Germany Gabriel Clemens
83%
13 England Chris Dobey
82%
7 England Dave Chisnall
82%
36 Belgium Mike De Decker
81%
51 Australia Simon Whitlock
81%
26 Poland Krzysztof Ratajski
80%
27 Northern Ireland Daryl Gurney
79%
28 Netherlands Raymond Van Barneveld
79%
31 Netherlands Gian Van Veen
77%
30 Portugal Jose de Sousa
77%
29 Northern Ireland Brendan Dolan
75%
39 Latvia Madars Razma
75%
18 England James Wade
72%
46 Ireland William O'Connor
71%
14 England Joe Cullen
70%
20 Netherlands Dirk Van Duijvenbode
67%
37 Belgium Kim Huybrechts
67%
32 England Scott Williams
66%
45 Wales Jim Williams
65%
59 Austria Mensur Suljovic
65%
33 Germany Ricardo Pietreczko
65%
94 Belgium Ronny Huybrechts
64%
47 Scotland Cameron Menzies
62%
34 England Luke Woodhouse
62%
19 England Andrew Gilding
60%
65 Austria Rowby-John Rodriguez
60%
55 Croatia Boris Krcmar
58%
44 England Ritchie Edhouse
57%
21 England Ryan Searle
57%
43 Netherlands Jermaine Wattimena
55%
50 Canada Matt Campbell
55%
35 England Ryan Joyce
54%
96 France Thibault Tricole
54%
41 Scotland Alan Soutar
52%
86 Sweden Jeffrey de Graaf
52%
68 Czech Republic Karel Sedlacek
50%
78 Netherlands Wessel Nijman
50%
49 Ireland Keane Barry
49%
42 England Ricky Evans
46%
69 England Adrian Lewis
45%
38 England Callan Rydz
43%
56 Northern Ireland Mickey Mansell
43%
54 Germany Florian Hempel
42%
66 England Lee Evans
42%
40 England Martin Lukeman
42%
51 Netherlands Kevin Doets
39%
67 Ireland Dylan Slevin
37%
63 England Ian White
37%
62 England Mervyn King
37%
80 Wales Robert Owen
36%
64 Czech Republic Adam Gawlas
35%
48 England Steve Beaton
35%
70 Netherlands Jeffrey De Zwaan
31%
57 England Ryan Meikle
31%
61 Netherlands Vincent Van Der Voort
31%
84 England Dom Taylor
30%
53 Netherlands Richard Veenstra
28%
79 Wales Nick Kenny
26%
58 Netherlands Niels Zonneveld
25%
99 Philippines Christian Perez
24%
97 Belgium Mario Vandenbogaerde
24%
70 England Stephen Burton
23%
82 Netherlands Wesley Plaisier
23%
74 England Keegan Brown
22%
88 Belgium Andy Baetens
21%
87 England James Hurrell
21%
92 Netherlands Berry Van Peer
15%
98 Netherlands Chris Landman
15%
73 Germany Daniel Klose
15%
60 England Jamie Hughes
14%
72 Netherlands Maik Kuivenhoven
14%
95 Netherlands Danny van Trijp
13%
100 Belgium Robbie Knopps
13%
85 Netherlands Jurjen van der Velde
11%
81 England Graham Usher
10%
76 England Arron Monk
9%
92 Netherlands Geert Nentjes
9%
77 England Graham Hall
9%
89 England Josh Payne
9%
83 Germany Pascal Rupprecht
9%
90 England Adam Smith-Neale
7%
75 Netherlands Jeffrey Sparidaans
7%
91 Netherlands Owen Roelofs
6%
No matching quizzes found
Score Distribution
Percent of People with Each Score
Percentile by Number Answered
Your Score History
You have not taken this quiz since the last reset